[Event "Novi Sad ol (Men)"]
[Site "Novi Sad YUG"]
[Date "1990.??.??"]
[Round "11"]
[White "Santos, Carlos P"]
[Black "Hernandez, Roman O"]
[Result "1/2-1/2"]
[WhiteElo "2355"]
[BlackElo "2455"]
[PlyCount "51"]
[EventDate "1990.11.??"]
[Source "www.chesslib.no"]
[SourceDate "2004.05.04"]

1. d4 Nf6 2. c4 e6 3. Nc3 Bb4 4. a3 Bxc3+ 5. bxc3 c5 6. e3 Nc6 7. Bd3 e5 8. Ne2 e4 9. Bc2 d6 10. Ng3 Bg4 11. f3 exf3 12. gxf3 Bh3 13. Kf2 O-O 14. Rg1 Ne7 15. e4 Ng6 16. Nf5 Kh8 17. Rg3 Bxf5 18. exf5 Ne7 19. Bg5 Nc6 20. Qd2 Re8 21. Bh6 gxh6 22. Qxh6 Rg8 23. Rag1 Qe7 24. Re1 Qd8 25. Reg1 Qe7 26. Re1 1/2-1/2

[Event "Masters"]
[Site "Singapore SIN"]
[Date "2006.12.26"]
[Round "1"]
[White "Chiong, L."]
[Black "Paciencia, E."]
[Result "0-1"]
[WhiteElo "2364"]
[BlackElo "2432"]
[PlyCount "82"]
[EventDate "2006.12.26"]
[Source "www.chesslib.no"]
[SourceDate "2004.05.04"]

1. d4 Nf6 2. c4 e6 3. Nc3 Bb4 4. e3 c5 5. a3 Bxc3+ 6. bxc3 Nc6 7. Bd3 d6 8. Ne2 e5 9. f3 b6 10. d5 Na5 11. e4 Ba6 12. Ng3 g6 13. O-O Qe7 14. Bg5 h6 15. Bh4 Bc8 16. Ne2 g5 17. Bf2 Nh5 18. Ng3 Nxg3 19. hxg3 Ba6 20. f4 O-O-O 21. fxe5 dxe5 22. Qe2 Kb8 23. Be3 f6 24. Rab1 Ka8 25. Rf5 Bc8 26. Rf2 h5 27. Rb5 Nb7 28. a4 Bd7 29. Rb1 Bg4 30. Qa2 h4 31. gxh4 Rxh4 32. Rfb2 Qh7 33. Kf2 Rh2 34. Rg1 Qh4+ 35. Kf1 Qg3 36. a5 Qxe3 37. axb6 Qxd3+ 38. Kf2 a5 39. Rb5 Qf3+ 40. Ke1 Qxc3+ 41. Kf2 Bd7 0-1

[Event "Mind Sports Games - Blitz Pair"]
[Site "Pechino CINA"]
[Date "2008.10.08"]
[Round "5"]
[White "Li Ruofan"]
[Black "Vasilevich, T."]
[Result "0-1"]
[WhiteElo "2426"]
[BlackElo "2368"]
[PlyCount "23"]
[EventDate "2008.10.08"]
[Source "www.chesslib.no"]
[SourceDate "2004.05.04"]

1. d4 Nf6 2. c4 e6 3. Nc3 Bb4 4. e3 c5 5. a3 Bxc3+ 6. bxc3 Nc6 7. Bd3 e5 8. Ne2 d6 9. e4 b6 10. O-O O-O 11. f4 exd4 12. cxd4 0-1

[Event "ch-Africa Men Playoff"]
[Site "Windhoek NAM"]
[Date "2007.09.10"]
[Round "2.3"]
[White "Abdel Razik, K."]
[Black "Simutowe, A."]
[Result "1/2-1/2"]
[WhiteElo "2372"]
[BlackElo "2421"]
[PlyCount "116"]
[EventDate "2007.09.10"]
[Source "www.chesslib.no"]
[SourceDate "2004.05.04"]

1. d4 Nf6 2. c4 e6 3. Nc3 Bb4 4. a3 Bxc3+ 5. bxc3 c5 6. e3 d6 7. Ne2 Nc6 8. Ng3 O-O 9. e4 e5 10. d5 Na5 11. Bd3 Nd7 12. Qa4 b6 13. Nf5 Nb8 14. O-O g6 15. Ng3 f6 16. Bh6 Rf7 17. f4 exf4 18. Bxf4 Qe7 19. h3 Nd7 20. Rf2 Ne5 21. Be2 Bd7 22. Qc2 Naxc4 23. Raf1 Na5 24. Bh6 c4 25. Qd2 Nb3 26. Qf4 Kh8 27. Qh4 g5 28. Qh5 Rg8 29. h4 Be8 30. Nf5 Qd8 31. hxg5 fxg5 32. Qh2 Nd2 33. Re1 Nxe4 34. Bh5 Nxf2 35. Rxe5 Rf6 36. Bg7+ Rxg7 37. Rxe8+ Qxe8 38. Bxe8 Rxf5 39. Qxd6 Ne4 40. Qe6 Rf4 41. d6 Nc5 42. Qc8 Rf8 43. Qc6 Rf6 44. Bh5 Rd7 45. Qd5 h6 46. Qe5 Rdxd6 47. Qe8+ Kg7 48. Qe7+ Kg8 49. Bf7+ Rxf7 50. Qxd6 Kh7 51. Qd5 Rf4 52. g3 Re4 53. Qf7+ Kh8 54. Qxa7 Re6 55. Qf7 g4 56. Qf4 Re1+ 57. Kg2 Re2+ 58. Kf1 Re1+ 1/2-1/2

[Event "First Saturday GM - Settembre 2008"]
[Site "Budapest UNG"]
[Date "2008.09.09"]
[Round "4"]
[White "Berczes, David"]
[Black "Paschall, William M"]
[Result "1/2-1/2"]
[WhiteElo "2458"]
[BlackElo "2330"]
[PlyCount "86"]
[EventDate "2008.09.06"]
[Source "www.chesslib.no"]
[SourceDate "2004.05.04"]

1. d4 Nf6 2. c4 e6 3. Nc3 Bb4 4. e3 c5 5. a3 Bxc3+ 6. bxc3 Qa5 7. Rb1 d6 8. Rb5 Qxc3+ 9. Bd2 Qxa3 10. Qb1 b6 11. g4 Bb7 12. Ra5 bxa5 13. Qxb7 O-O 14. Qxa8 cxd4 15. Ne2 dxe3 16. fxe3 Na6 17. Qxa7 Nc5 18. Nc1 a4 19. Qb6 Nfe4 20. Bg2 Nxd2 21. Kxd2 Nb3+ 22. Kc2 Nxc1 23. Rxc1 Qa2+ 24. Qb2 Qxc4+ 25. Kb1 Qxg4 26. Bc6 d5 27. Ka1 Qe4 28. Qd4 Qg2 29. e4 Qxe4 30. Qxe4 dxe4 31. Bxe4 f5 32. Bc2 Rc8 33. Kb2 Rb8+ 34. Ka3 Kf7 35. Bxa4 Rb6 36. Rc7+ Kf6 37. Be8 Rb8 38. Rf7+ Ke5 39. Ba4 Rg8 40. Bb3 g5 41. Rxh7 Rg6 42. Kb2 Kf4 43. Rc7 e5 1/2-1/2

[Event "HUN-chT1 9596"]
[Site "HUN"]
[Date "1996.??.??"]
[Round "9"]
[White "Karsa, Laszlo"]
[Black "Kustar, Sandor"]
[Result "1-0"]
[WhiteElo "2390"]
[BlackElo "2395"]
[PlyCount "45"]
[EventDate "1995.??.??"]
[Source "www.chesslib.no"]
[SourceDate "2004.05.04"]

1. d4 Nf6 2. c4 e6 3. Nc3 Bb4 4. e3 c5 5. a3 Bxc3+ 6. bxc3 Nc6 7. Ne2 d6 8. Ng3 e5 9. d5 Ne7 10. Bd3 O-O 11. Qc2 h6 12. O-O b5 13. cxb5 Nfxd5 14. c4 Nc7 15. f4 exf4 16. exf4 f5 17. Bb2 Qe8 18. Rae1 Be6 19. Qc3 Qg6 20. Be2 Qf7 21. Nh5 Ne8 22. Bf3 d5 23. Qe5 1-0

[Event "France"]
[Site "?"]
[Date "2003.11.16"]
[Round "3.2"]
[White "Van Elst Andreas"]
[Black "Rodriguez Cespedes Amador"]
[Result "1/2-1/2"]
[WhiteElo "2283"]
[BlackElo "2482"]
[PlyCount "49"]
[EventDate "2003.??.??"]
[Source "www.chesslib.no"]
[SourceDate "2004.05.04"]

1. d4 Nf6 2. c4 e6 3. Nc3 Bb4 4. a3 Bxc3+ 5. bxc3 c5 6. e3 Nc6 7. Bd3 d6 8. Ne2 e5 9. d5 e4 10. Bb1 Ne5 11. Ng3 Qa5 12. Qb3 b6 13. Qb5+ Qxb5 14. cxb5 a6 15. bxa6 Bxa6 16. Nxe4 Nxe4 17. Bxe4 Nd3+ 18. Bxd3 Bxd3 19. f3 f5 20. Kf2 O-O 21. Rd1 Bc4 22. Bd2 Ra4 23. Be1 Rfa8 24. Kg1 b5 25. Bg3 1/2-1/2

[Event "Wch U20"]
[Site "Buenos Aires ARG"]
[Date "1992.??.??"]
[Round "?"]
[White "Gokhale, Jayant Suresh"]
[Black "Fish, Gennadij"]
[Result "0-1"]
[WhiteElo "2325"]
[BlackElo "2440"]
[PlyCount "108"]
[EventDate "1992.10.??"]
[Source "www.chesslib.no"]
[SourceDate "2004.05.04"]

1. d4 Nf6 2. c4 e6 3. Nc3 Bb4 4. e3 c5 5. a3 Bxc3+ 6. bxc3 d6 7. Bd3 O-O 8. Ne2 e5 9. O-O Bg4 10. f3 Bh5 11. e4 h6 12. d5 Nbd7 13. g4 Bg6 14. Ng3 Nh7 15. Kh1 Qh4 16. Ra2 Ng5 17. Be3 Nh3 18. Qc1 Nf6 19. Rg2 h5 20. Nf5 Bxf5 21. gxf5 Kh7 22. Rd1 g6 23. Bf1 Nd7 24. Bg5 Nxg5 25. Rxg5 Rg8 26. fxg6+ Rxg6 27. Rxg6 fxg6 28. Qb2 Nb6 29. Bg2 Rf8 30. Qe2 Rf7 31. Rb1 Qf4 32. Rf1 Nd7 33. Bh3 Nf8 34. a4 Kh6 35. Qf2 Nh7 36. Be6 Rg7 37. h4 Nf8 38. Bh3 Rf7 39. a5 Nh7 40. Be6 Rg7 41. Qh2 Qe3 42. Qf2 Qxc3 43. f4 Nf8 44. Bc8 Rf7 45. f5 Qh3+ 46. Kg1 Qg4+ 47. Qg2 Qxh4 48. Be6 Rf6 49. Rf2 Nh7 50. Rb2 Ng5 51. Rxb7 Qe1+ 52. Kh2 Qe3 53. Rb1 Nf3+ 54. Kh1 Qxe4 0-1

[Event "Primat 5th"]
[Site "Decin CZE"]
[Date "1975.06.09"]
[Round "6"]
[White "Trapl, Jindrich"]
[Black "Spiridonov, Nikola"]
[Result "1/2-1/2"]
[WhiteElo "2325"]
[BlackElo "2440"]
[PlyCount "28"]
[EventDate "1975.06.03"]
[Source "www.chesslib.no"]
[SourceDate "2004.05.04"]

1. d4 Nf6 2. c4 e6 3. Nc3 Bb4 4. a3 Bxc3+ 5. bxc3 c5 6. e3 Nc6 7. Bd3 d6 8. Ne2 e5 9. O-O e4 10. Bb1 Bf5 11. Ng3 Bg6 12. f4 exf3 13. Qxf3 O-O 14. Nf5 Re8 1/2-1/2

[Event "Naujac sur Mer"]
[Site "Naujac sur Mer"]
[Date "2000.??.??"]
[Round "5"]
[White "Sarthou, Gaetan"]
[Black "Spiridonov, Nikola"]
[Result "0-1"]
[WhiteElo "2345"]
[BlackElo "2414"]
[PlyCount "68"]
[EventDate "2000.??.??"]
[Source "www.chesslib.no"]
[SourceDate "2004.05.04"]

1. d4 Nf6 2. c4 e6 3. Nc3 Bb4 4. e3 c5 5. a3 Bxc3+ 6. bxc3 Nc6 7. Bd3 b6 8. e4 d6 9. f4 cxd4 10. cxd4 Nxd4 11. Bb2 e5 12. Nf3 Nxf3+ 13. Qxf3 Nd7 14. O-O O-O 15. f5 Ba6 16. Qe3 Rc8 17. Rac1 f6 18. Rf3 Rf7 19. Rh3 Nf8 20. Qd2 Rfc7 21. Bf1 Qd7 22. Rhc3 Rc6 23. g4 Qf7 24. Qc2 Nd7 25. Be2 Nc5 26. h4 Nb7 27. g5 Na5 28. h5 fxg5 29. f6 Bxc4 30. Bg4 Be6 31. Qd1 Rxc3 32. Bxc3 Qxf6 33. Qe2 Nc4 34. Rf1 Bxg4 0-1

[Event "Bohemians"]
[Site "Prague CZE"]
[Date "1987.??.??"]
[Round "?"]
[White "Vokac, Marek"]
[Black "Damjanovic, Mato"]
[Result "0-1"]
[WhiteElo "2430"]
[BlackElo "2325"]
[PlyCount "102"]
[EventDate "1987.01.??"]
[Source "www.chesslib.no"]
[SourceDate "2004.05.04"]

1. d4 Nf6 2. c4 e6 3. Nc3 Bb4 4. e3 c5 5. a3 Bxc3+ 6. bxc3 d6 7. Bd3 Nc6 8. Ne2 e5 9. d5 Ne7 10. f3 e4 11. fxe4 Ng6 12. Ng3 Ne5 13. Be2 g6 14. Qc2 h5 15. h4 Kf8 16. Bf1 Kg7 17. Ra2 Qe7 18. Qf2 Neg4 19. Qf4 Qe5 20. Rc2 Bd7 21. Bd3 Ba4 22. Rd2 Rae8 23. O-O Re7 24. Re2 Rhe8 25. Bd2 b6 26. Ree1 Bd7 27. Rb1 Nh7 28. Ne2 Qxf4 29. exf4 f5 30. Rbe1 fxe4 31. Bc2 Nhf6 32. Ng3 Bf5 33. Bc1 Kf7 34. Re2 Nh6 35. Rfe1 Kg7 36. Nf1 Bg4 37. Rf2 Nf5 38. g3 e3 39. Rh2 e2 40. Nd2 Re3 41. Bxf5 gxf5 42. Kf2 Rxc3 43. Bb2 Rc2 44. Bxf6+ Kxf6 45. Nf3 Bxf3 46. Kxf3 Rc3+ 47. Kf2 Rxc4 48. Kg1 Rc2 49. Rf2 Rd2 50. Rf3 Rxd5 51. Kf2 Rd2 0-1

[Event "Cansys IM-A"]
[Site "Budapest HUN"]
[Date "1991.??.??"]
[Round "3"]
[White "Vigh, Bela"]
[Black "Pieper-Emden, Carsten"]
[Result "1-0"]
[WhiteElo "2340"]
[BlackElo "2405"]
[PlyCount "123"]
[EventDate "1991.??.??"]
[Source "www.chesslib.no"]
[SourceDate "2004.05.04"]

1. d4 Nf6 2. c4 e6 3. Nc3 Bb4 4. a3 Bxc3+ 5. bxc3 c5 6. e3 d6 7. Ne2 O-O 8. Ng3 Nc6 9. e4 e5 10. dxc5 dxc5 11. Bd3 Qa5 12. Bd2 Rd8 13. Qc2 Be6 14. Nf1 Rxd3 15. Qxd3 Rd8 16. Qc2 Bxc4 17. f3 Qa6 18. Ne3 Bd3 19. Qb2 c4 20. Nf5 Na5 21. Bg5 Nb3 22. Rd1 Rd7 23. Kf2 Nh5 24. g3 h6 25. Be3 Nf6 26. g4 Ne8 27. Rhg1 Nc7 28. g5 h5 29. g6 fxg6 30. Rxd3 Rxd3 31. Rxg6 Qxg6 32. Ne7+ Kh7 33. Nxg6 Kxg6 34. Qb1 Ne6 35. Qg1+ Kf6 36. Qg3 g6 37. h4 Rxe3 38. Kxe3 Nbc5 39. Qg1 b5 40. Qd1 Nd3 41. a4 a6 42. axb5 axb5 43. Qb1 Nc7 44. Qa1 Nf4 45. Qa7 Nce6 46. Qb8 Ng2+ 47. Kf2 Nxh4 48. Qh8+ Ke7 49. Qxe5 g5 50. Qxb5 Ng6 51. Qxc4 Ne5 52. Qd5 Nd7 53. e5 Ndc5 54. Qd6+ Kf7 55. Qb8 h4 56. Qh8 Ke7 57. Qh7+ Kd8 58. Kg2 Nf4+ 59. Kh2 Nce6 60. c4 Kc8 61. c5 Nd8 62. Qe7 1-0

[Event "POL-ch 39th"]
[Site "Zielona Gora"]
[Date "1982.??.??"]
[Round "?"]
[White "Panczyk, Krzysztof"]
[Black "Stempin, Pawel"]
[Result "0-1"]
[WhiteElo "2390"]
[BlackElo "2350"]
[PlyCount "80"]
[EventDate "1982.02.13"]
[Source "ChessBase"]

1. d4 Nf6 2. c4 e6 3. Nc3 Bb4 4. e3 b6 5. a3 Bxc3+ 6. bxc3 c5 7. Ne2 O-O 8. Ng3 Nc6 9. e4 Ne8 10. Be3 Qc7 11. Bd3 Ba6 12. Qe2 Na5 13. d5 f6 14. O-O Nd6 15. e5 fxe5 16. Qh5 e4 17. Nxe4 Bxc4 18. Bxc4 Naxc4 19. dxe6 Rf5 20. Qh3 dxe6 21. Ng5 h6 22. Nxe6 Qf7 23. Nf4 Rxf4 24. Bxf4 Qxf4 25. Rfe1 Rf8 26. Re2 Kh8 27. a4 Ne4 28. Rae1 Nxf2 29. Qg3 Qxg3 30. hxg3 Nd3 31. Rd1 Nde5 32. Rde1 Rf5 33. Re4 Kh7 34. Rd1 a5 35. Rd8 h5 36. Re8 Kg6 37. Rf4 Rxf4 38. gxf4 Nd3 39. Kf1 Nxf4 40. Re4 Nd2+ 0-1

[Event "Los Polvorines op"]
[Site "Los Polvorines"]
[Date "1980.??.??"]
[Round "?"]
[White "Barbero, Gerardo F"]
[Black "Panno, Oscar"]
[Result "0-1"]
[WhiteElo "2200"]
[BlackElo "2540"]
[PlyCount "87"]
[EventDate "1980.??.??"]
[Source "ChessBase"]

1. d4 Nf6 2. c4 e6 3. Nc3 Bb4 4. e3 c5 5. a3 Bxc3+ 6. bxc3 b6 7. Bd3 Bb7 8. f3 Nc6 9. Ne2 O-O 10. e4 Ne8 11. O-O Rc8 12. Be3 Na5 13. dxc5 bxc5 14. Ng3 Nd6 15. Qe2 f6 16. f4 f5 17. e5 Ne8 18. Rad1 Qc7 19. h4 Rf7 20. h5 Qc6 21. Kh2 Qa4 22. Qf2 Qc6 23. Rg1 Ba6 24. Qe2 Qa4 25. Bc2 Qc6 26. Bd3 d6 27. exd6 Nxd6 28. h6 Rf6 29. Nh5 Rxh6 30. g4 g6 31. Kg3 gxh5 32. gxh5 Kf7 33. Kh4 Bxc4 34. Rg5 Bxd3 35. Qxd3 Nac4 36. Bc1 Rf6 37. Rdg1 Ke7 38. Rg7+ Rf7 39. Qg3 Rcf8 40. Qg5+ Kd7 41. Qh6 Ne8 42. Rxh7 Qf3 43. Qxf8 Rxh7 44. h6 0-1

[Event "Copenhagen Open"]
[Site "Copenhagen DEN"]
[Date "1988.??.??"]
[Round "?"]
[White "Karsa, Laszlo"]
[Black "Callergard, Robert"]
[Result "0-1"]
[WhiteElo "2400"]
[BlackElo "2340"]
[PlyCount "72"]
[EventDate "1988.06.??"]
[Source "www.chesslib.no"]
[SourceDate "2004.05.04"]

1. d4 Nf6 2. c4 e6 3. Nc3 Bb4 4. a3 Bxc3+ 5. bxc3 c5 6. e3 Nc6 7. Ne2 d6 8. Ng3 e5 9. d5 Ne7 10. Bd3 Qa5 11. Bd2 Bd7 12. a4 O-O-O 13. Qc2 Rdf8 14. O-O h5 15. h4 Kb8 16. f3 Qd8 17. e4 Ne8 18. Bg5 f6 19. Be3 Ng6 20. Nf5 Nf4 21. a5 g6 22. Ng3 f5 23. Bf2 Nxd3 24. Qxd3 f4 25. Nh1 g5 26. hxg5 Qxg5 27. Be1 Rfg8 28. Ra2 Nf6 29. Rff2 Rh7 30. Rfb2 Bc8 31. Qb1 Kc7 32. Qc2 h4 33. Qd2 Qh5 34. Qd1 Nxe4 35. Qa4 h3 36. g4 fxg3 0-1

[Event "GMA-Open"]
[Site "Belgrade SCG"]
[Date "1988.??.??"]
[Round "?"]
[White "Ilic, Dragan"]
[Black "Nikolic, Stanimir"]
[Result "1-0"]
[WhiteElo "2420"]
[BlackElo "2320"]
[PlyCount "153"]
[EventDate "1988.12.??"]
[Source "www.chesslib.no"]
[SourceDate "2004.05.04"]

1. d4 Nf6 2. c4 e6 3. Nc3 Bb4 4. e3 c5 5. a3 Bxc3+ 6. bxc3 d6 7. Bd3 Nc6 8. Ne2 e5 9. e4 h6 10. d5 Na5 11. O-O g5 12. Ng3 Bg4 13. Be2 Bd7 14. Rb1 b6 15. Be3 Qc7 16. h3 O-O-O 17. Bg4 Nxg4 18. hxg4 Qb7 19. Qf3 Nxc4 20. Bc1 Kb8 21. Qe2 Qa6 22. f3 Kb7 23. Kf2 Bb5 24. Qa2 Na5 25. Rh1 Bd3 26. Ra1 f6 27. Nf5 Kc7 28. Be3 Rd7 29. Rxh6 Rxh6 30. Nxh6 Rh7 31. Ng8 Rf7 32. Rg1 Qc8 33. Nh6 Rh7 34. Nf5 Bb5 35. Qb1 Bd7 36. Ng3 Nc4 37. Rh1 Rxh1 38. Qxh1 Qa6 39. Bc1 Qa4 40. Nh5 Qc2+ 41. Kg3 Qxc3 42. Nxf6 b5 43. Bxg5 b4 44. Nxd7 Kxd7 45. Qh8 Kc7 46. Qa8 Qe1+ 47. Kh2 Ne3 48. Qxa7+ Kc8 49. Qa6+ Kb8 50. Qxd6+ Ka8 51. Qd8+ Kb7 52. Bxe3 Qxe3 53. axb4 Qh6+ 54. Kg3 Qf4+ 55. Kh3 Qh6+ 56. Qh4 Qxh4+ 57. Kxh4 c4 58. g5 c3 59. g6 c2 60. g7 c1=Q 61. g8=Q Qh6+ 62. Kg4 Qf4+ 63. Kh5 Qh2+ 64. Kg6 Qxg2+ 65. Kh7 Qxf3 66. Qg7+ Kb6 67. Qxe5 Kb5 68. Qf5 Qh1+ 69. Kg6 Qg1+ 70. Kf6 Qd4+ 71. Ke6 Qxb4 72. d6+ Kb6 73. d7 Qb3+ 74. Ke7 Qb4+ 75. Kf7 Qd4 76. Qd5 Qf2+ 77. Ke8 1-0

[Event "Gausdal Int"]
[Site "Gausdal NOR"]
[Date "1993.??.??"]
[Round "7"]
[White "Lyrberg, Patrik"]
[Black "Fossan, Erik"]
[Result "1/2-1/2"]
[WhiteElo "2420"]
[BlackElo "2315"]
[PlyCount "128"]
[EventDate "1993.08.??"]
[Source "www.chesslib.no"]
[SourceDate "2004.05.04"]

1. d4 Nf6 2. c4 e6 3. Nc3 Bb4 4. a3 Bxc3+ 5. bxc3 c5 6. e3 Nc6 7. Ne2 O-O 8. Ng3 b6 9. e4 Ne8 10. Bd3 Ba6 11. Qh5 d6 12. Bg5 Qd7 13. e5 g6 14. Qf3 dxe5 15. d5 exd5 16. cxd5 Bxd3 17. dxc6 Qd6 18. Rd1 c4 19. c7 Nxc7 20. Bh6 Qxa3 21. Nh5 f5 22. Qc6 Qe7 23. Bxf8 Rxf8 24. Ng3 e4 25. Ra1 Ne6 26. Ne2 Rd8 27. g3 Qd7 28. Qa4 Ng5 29. Nd4 Qxa4 30. Rxa4 a5 31. Kd2 Rd6 32. Ke3 Ne6 33. Nxe6 Rxe6 34. Kd4 Kf7 35. Ra2 Kf6 36. h4 Rd6+ 37. Ke3 h5 38. Rb2 Ke6 39. Ra1 Kd7 40. Kf4 Kc6 41. Ke3 Rd7 42. Kf4 Rd5 43. Ke3 Kb7 44. Kf4 Kc6 45. Ke3 Kb7 46. Kf4 Ka6 47. Ke3 b5 48. Rba2 a4 49. Rb2 Rd6 50. Rba2 Kb6 51. Rb2 Kc5 52. Raa2 Ra6 53. Ra3 Rb6 54. Kd2 b4 55. Rxa4 b3 56. Ra5+ Kc6 57. Kc1 Bc2 58. Rxc2 bxc2 59. Kxc2 Kd7 60. Ra4 Rc6 61. Kd2 Kd6 62. Ke3 Kd5 63. Ra5+ Rc5 64. Ra8 Rb5 1/2-1/2

[Event "Calcutta op"]
[Site "Calcutta"]
[Date "1996.??.??"]
[Round "9"]
[White "Soman, Satchidanand"]
[Black "Ramesh, RB."]
[Result "1/2-1/2"]
[WhiteElo "2320"]
[BlackElo "2415"]
[PlyCount "102"]
[EventDate "1996.02.??"]
[Source "ChessBase"]

1. d4 Nf6 2. c4 e6 3. Nc3 Bb4 4. e3 c5 5. a3 Bxc3+ 6. bxc3 b6 7. Bd3 O-O 8. Ne2 Ba6 9. O-O Nc6 10. e4 Ne8 11. f4 f5 12. Be3 fxe4 13. Bxe4 Nd6 14. Bxc6 dxc6 15. dxc5 Nxc4 16. Bf2 Qe8 17. Qc2 Rd8 18. Rfd1 Rxd1+ 19. Rxd1 Nxa3 20. Qa2 Bxe2 21. Qxe2 Nb5 22. Qd3 Nc7 23. cxb6 axb6 24. c4 Na8 25. Qe4 b5 26. Rd6 bxc4 27. Rxe6 Qd7 28. Qxc4 Qd1+ 29. Re1+ Qd5 30. Rc1 Qxc4 31. Rxc4 Rf6 32. g4 g6 33. g5 Re6 34. Rd4 Nc7 35. Kg2 Nd5 36. Kf3 Kf7 37. Ra4 Re7 38. Ra6 Rc7 39. Bd4 Ke6 40. Be5 Rb7 41. Rxc6+ Kf5 42. Rc4 Rb3+ 43. Kf2 Ne3 44. Rc7 Ng4+ 45. Kg2 Nxe5 46. fxe5 Kxg5 47. Rxh7 Kf5 48. Re7 Re3 49. Rf7+ Ke6 50. Rf6+ Kxe5 51. Rxg6 Re4 1/2-1/2

[Event "ISR-chT"]
[Site "?"]
[Date "2002.01.12"]
[Round "1"]
[White "Kaminik Aleksandar"]
[Black "Manor Ilan"]
[Result "0-1"]
[WhiteElo "2232"]
[BlackElo "2502"]
[PlyCount "73"]
[EventDate "2002.??.??"]
[Source "www.chesslib.no"]
[SourceDate "2004.05.04"]

1. d4 Nf6 2. c4 e6 3. Nc3 Bb4 4. a3 Bxc3+ 5. bxc3 c5 6. e3 Nc6 7. Bd3 e5 8. Ne2 d6 9. e4 cxd4 10. cxd4 exd4 11. O-O O-O 12. Bg5 h6 13. Bh4 Ne5 14. Nxd4 Re8 15. f3 Ng6 16. Bf2 Be6 17. Rb1 b6 18. Qd2 Rc8 19. Rfc1 Ne5 20. Nxe6 Rxe6 21. Bf1 Nh5 22. Kh1 Qf6 23. Rb3 g5 24. Bd4 Kh7 25. a4 Rg8 26. Qd1 Qg6 27. g3 Nf6 28. Bxe5 dxe5 29. c5 bxc5 30. Rxc5 g4 31. Rc7 Rg7 32. Bc4 Rb6 33. Rxa7 Nxe4 34. Re3 Nf2+ 35. Kg1 Nxd1 36. Bd3 Nxe3 37. Bxg6+ 0-1

[Event "Bayern-ch Bank Hofmann 3rd"]
[Site "Bad Wiessee"]
[Date "1999.10.24"]
[Round "2"]
[White "Kaminik, Aleksandar"]
[Black "Ibragimov, Ildar"]
[Result "0-1"]
[WhiteElo "2179"]
[BlackElo "2554"]
[PlyCount "80"]
[EventDate "1999.10.23"]
[Source "www.chesslib.no"]
[SourceDate "2004.05.04"]

1. d4 Nf6 2. c4 e6 3. Nc3 Bb4 4. a3 Bxc3+ 5. bxc3 c5 6. e3 Nc6 7. Bd3 e5 8. Ne2 d6 9. O-O h6 10. dxc5 dxc5 11. e4 Qe7 12. Ng3 Be6 13. Qe2 O-O-O 14. Rd1 Na5 15. Bb2 Bg4 16. f3 Bd7 17. a4 g5 18. Nf1 g4 19. Ne3 Rhg8 20. Rf1 Nh5 21. Nd5 Qh4 22. fxg4 Nf4 23. Nxf4 exf4 24. Rxf4 Rxg4 25. Rxg4 Bxg4 26. Qe3 Qg5 27. Qxg5 hxg5 28. Bf1 Rd2 29. Ba3 b6 30. Re1 Nb3 31. h3 Ra2 32. Bxc5 Nxc5 33. hxg4 Rxa4 34. e5 a5 35. Rd1 Ra2 36. Rd6 Rb2 37. Rf6 a4 38. Rxf7 a3 39. Ra7 a2 40. g3 Kd8 0-1

[Event "EU Team Ch prel"]
[Site "Aarhus DEN"]
[Date "1971.09.08"]
[Round "4"]
[White "Pytel, Krzysztof"]
[Black "Andersen, Borge"]
[Result "1/2-1/2"]
[WhiteElo "2320"]
[BlackElo "2410"]
[PlyCount "93"]
[EventDate "1971.09.??"]
[Source "www.chesslib.no"]
[SourceDate "2004.05.04"]

1. d4 Nf6 2. c4 e6 3. Nc3 Bb4 4. a3 Bxc3+ 5. bxc3 c5 6. e3 Nc6 7. Bd3 b6 8. e4 d6 9. Ne2 e5 10. d5 Ne7 11. O-O Ng6 12. f3 Nh5 13. g3 O-O 14. Qc2 Bd7 15. Be3 Nf6 16. Rf2 Qe7 17. Kh1 h6 18. Rg1 Rfb8 19. Qd2 a6 20. g4 Nh7 21. Ng3 Ng5 22. Nf5 Qf6 23. Bf1 Nh7 24. g5 hxg5 25. Rxg5 Bxf5 26. Rxf5 Qe7 27. a4 Qe8 28. Qd1 f6 29. Rh5 Nf4 30. Rh4 g5 31. Rg4 Qh5 32. h4 Ra7 33. Rh2 Qe8 34. hxg5 fxg5 35. Rg3 Rg7 36. Bxf4 exf4 37. Rgh3 Qe5 38. Rh6 Nf8 39. Bh3 Kf7 40. Be6+ Ke7 41. Qd3 Re8 42. Rb2 Rb8 43. a5 Rg6 44. Rxg6 Nxg6 45. Rxb6 Qh8+ 46. Kg2 Ne5 47. Qb1 1/2-1/2

[Event "WchT U26"]
[Site "Mendoza"]
[Date "1985.??.??"]
[Round "8"]
[White "McCambridge, Vincent"]
[Black "Contin, Daniel"]
[Result "1-0"]
[WhiteElo "2465"]
[BlackElo "2265"]
[PlyCount "87"]
[EventDate "1985.08.??"]
[Source "ChessBase"]

1. d4 Nf6 2. c4 e6 3. Nc3 Bb4 4. e3 c5 5. a3 Bxc3+ 6. bxc3 b6 7. Bd3 Nc6 8. e4 d6 9. Ne2 e5 10. O-O O-O 11. d5 Na5 12. Ng3 Ba6 13. f4 Ne8 14. Ra2 Bxc4 15. Raf2 Bxd3 16. Qxd3 c4 17. Qe2 f6 18. Nf5 Rc8 19. Rf3 Rc7 20. Rh3 g6 21. Nh6+ Kh8 22. Ng4 Rcf7 23. f5 g5 24. Rh6 Rg7 25. Rf3 Qd7 26. h4 gxh4 27. Rxh4 Rfg8 28. Rfh3 Qb5 29. Kh2 Nb3 30. Bh6 Re7 31. Ne3 Rc7 32. Qh5 Qd7 33. Qe2 Qb5 34. Nf1 Nd4 35. cxd4 exd4 36. Bc1 Rgg7 37. Bh6 Rge7 38. Rg4 d3 39. Qd2 Ng7 40. Qc3 Rf7 41. Rhg3 Qe8 42. Rxg7 Rxg7 43. Qxf6 Qg8 44. Qc3 1-0

[Event "JUG-chT (Women)"]
[Site "Niksic"]
[Date "1997.??.??"]
[Round "9"]
[White "Manakova, Maria"]
[Black "Prudnikova, Svetlana"]
[Result "0-1"]
[WhiteElo "2345"]
[BlackElo "2385"]
[PlyCount "134"]
[EventDate "1997.08.27"]
[Source "ChessBase"]
[SourceDate "1997.09.26"]

1. d4 Nf6 2. c4 e6 3. Nc3 Bb4 4. e3 c5 5. a3 Bxc3+ 6. bxc3 Nc6 7. Bd3 d6 8. Ne2 e5 9. d5 Ne7 10. e4 h6 11. O-O O-O 12. f3 Ne8 13. g4 g5 14. h4 Ng6 15. hxg5 hxg5 16. Rf2 f6 17. Rh2 Ng7 18. Ng3 Kf7 19. Raa2 Nh4 20. Be3 Rh8 21. Rab2 Qa5 22. Rb3 b6 23. Kf2 Bd7 24. Qc1 Ng6 25. Rxh8 Rxh8 26. Kg1 Qa4 27. Rb1 Bc8 28. Qb2 Nf4 29. Bf1 Bd7 30. Qb3 Qa5 31. Qb2 Ba4 32. Rc1 Qa6 33. Qd2 Bb3 34. a4 Bxc4 35. a5 Bxf1 36. Rxf1 Rh3 37. Bxf4 gxf4 38. Ne2 Qc8 39. Nxf4 exf4 40. Qxf4 Qd8 41. axb6 Qxb6 42. Kg2 Rh8 43. g5 Ne8 44. Qf5 Qb2+ 45. Rf2 Qc1 46. g6+ Ke7 47. Rf1 Qg5+ 48. Qxg5 fxg5 49. Ra1 Kf6 50. Rxa7 Kxg6 51. Re7 Nf6 52. c4 Re8 53. Ra7 g4 54. Ra6 gxf3+ 55. Kxf3 Nxe4 56. Kf4 Kf6 57. Rc6 Re5 58. Ra6 Ke7 59. Ra7+ Kd8 60. Ra6 Kc7 61. Ra7+ Kb6 62. Ra2 Nc3 63. Rb2+ Ka5 64. Rb8 Re4+ 65. Kf5 Rxc4 66. Ke6 Ne4 67. Kd7 Rb4 0-1

[Event "Poyntner mem GM"]
[Site "St Poelten"]
[Date "2002.09.06"]
[Round "2"]
[White "Ganaus, Hannes"]
[Black "Danner, Georg"]
[Result "1-0"]
[WhiteElo "2357"]
[BlackElo "2369"]
[PlyCount "149"]
[EventDate "2002.09.05"]
[Source "ChessBase"]
[SourceDate "2002.11.06"]

1. d4 Nf6 2. c4 e6 3. Nc3 Bb4 4. a3 Bxc3+ 5. bxc3 c5 6. e3 Nc6 7. Bd3 d6 8. Nf3 e5 9. e4 O-O 10. d5 Ne7 11. Nd2 Ng6 12. g3 Bh3 13. f3 Ne8 14. Rb1 Qd7 15. Bf1 Rb8 16. Kf2 Bxf1 17. Rxf1 f5 18. exf5 Qxf5 19. Kg2 Nf6 20. Re1 Qd3 21. Rb3 Rf7 22. Qe2 Qc2 23. Qd1 Qd3 24. Qe2 Qc2 25. Qd1 Qxd1 26. Rxd1 Nf8 27. Re1 N8d7 28. a4 Kf8 29. Ba3 Ke8 30. Reb1 b6 31. Re1 Kd8 32. Rbb1 Kc7 33. Re2 Rbf8 34. Rf1 g5 35. h3 h6 36. Bc1 a6 37. g4 b5 38. axb5 axb5 39. cxb5 Nxd5 40. Ne4 N7b6 41. h4 gxh4 42. Bxh6 h3+ 43. Kg3 Ra8 44. Bc1 Ra1 45. Ree1 Nf4 46. Bxf4 exf4+ 47. Kxh3 Ra2 48. Ng5 Rf6 49. Re6 Rf8 50. Rh6 Kb7 51. Ne6 Re8 52. Rh7+ Kb8 53. Nxf4 Nc4 54. Kg3 Ne3 55. Rfh1 d5 56. Rf7 d4 57. cxd4 cxd4 58. g5 d3 59. Nxd3 Rg2+ 60. Kf4 Nd5+ 61. Kf5 Ne3+ 62. Kg6 Rg8+ 63. Kh7 R8xg5 64. Nb4 Nc4 65. f4 R5g4 66. Rh6 Rb2 67. Nc6+ Kc8 68. f5 Rg5 69. Kh8 Rd2 70. Rhh7 Rd8+ 71. Nxd8 Ne5 72. Ra7 Nc6 73. Ra8+ Nb8 74. b6 Rg7 75. Rxg7 1-0